00502nam a2200193 a 4500001001300000003000900013005001700022008004100039020001000080082001300090100003000103245002800133260003700161300001000198500003500208505001600243650001900259700003000278nice12345678IN_TiNIC20260116011338.0050524s1953 newa grp 000 0 eng  ac10000a270bLAT aLatourette, Kenneth Scott aHistory of Christianity aNew York bHarper and Row c1953 a1516p aincludes index and biblioraphy2 aMaps, Index aChurch-History1 aLatourette, Kenneth Scott